香川県の市町村(1960年) - Statistics

General Stats
  • This quiz has been taken 47 times
  • The average score is 34 of 44
Answer Stats
No. 市町村 備考 % Correct
1 高松市
100%
2 丸亀市
100%
3 坂出市
100%
4 善通寺市
96%
5 観音寺市
96%
32 仲多度郡 琴平町
93%
15 小豆郡 土庄町
89%
17 木田郡 三木町
89%
10 大川郡 志度町 2002年消滅
86%
29 綾歌郡 宇多津町
86%
33 仲多度郡 多度津町
86%
40 三豊郡 詫間町 2006年消滅
86%
27 綾歌郡 綾歌町 2005年消滅
82%
31 仲多度郡 満濃町 2006年消滅
82%
12 大川郡 大川村 1961年昇格
79%
21 香川郡 塩江町 2005年消滅
79%
24 香川郡 直島町
79%
26 綾歌郡 国分寺町 2006年消滅
79%
36 三豊郡 高瀬町 2006年消滅
79%
7 大川郡 白鳥町 2003年消滅
75%
16 小豆郡 池田町 2006年消滅
75%
19 木田郡 庵治村 1968年昇格
75%
22 香川郡 香川町 2006年消滅
75%
25 綾歌郡 綾南町 2006年消滅
75%
6 大川郡 引田町 2003年消滅
71%
9 大川郡 津田町 2002年消滅
71%
14 小豆郡 内海町 2006年消滅
71%
38 三豊郡 大野原町 2005年消滅
71%
42 三豊郡 豊浜町 2005年消滅
71%
43 三豊郡 財田村 1970年昇格
71%
8 大川郡 大内町 2003年消滅
68%
13 大川郡 寒川村 1961年昇格
68%
20 木田郡 牟礼村 1962年昇格
68%
28 綾歌郡 飯山町 2005年消滅
68%
35 仲多度郡 仲南村 1970年昇格
68%
37 三豊郡 山本町 2006年消滅
68%
11 大川郡 長尾町 2002年消滅
64%
23 香川郡 香南町 2006年消滅
64%
30 綾歌郡 綾上村 1962年昇格
64%
34 仲多度郡 琴南村 1962年昇格
64%
39 三豊郡 豊中町 2006年消滅
61%
41 三豊郡 仁尾町 2006年消滅
61%
44 三豊郡 三野村 1961年昇格
61%
18 木田郡 山田町 1966年消滅
46%
No matching quizzes found
Score Distribution
Percent of People with Each Score
Percentile by Number Answered
Your Score History
You have not taken this quiz